[Event "FRA-ch U20"]
[Site "Agen"]
[Date "2024.04.15"]
[Round "3"]
[White "Decuigniere, Tom"]
[Black "Nottola, Adrien"]
[Result "1/2-1/2"]
[WhiteElo "2401"]
[BlackElo "2194"]
[PlyCount "69"]
[EventDate "2024.04.14"]
[EventType "swiss"]
[EventRounds "9"]
[EventCountry "FRA"]
[SourceTitle "CB17_2024"]
[SourceDate "2024.04.24"]
[SourceVersion "1"]
[SourceVersionDate "2024.04.24"]
[SourceQuality "1"]

1. d4 Nf6 2. c4 g6 3. Nc3 Bg7 4. e4 d6 5. h3 Nbd7 6. Be3 e5 7. d5 Nc5 8. Qc2 a5 9. Nf3 b6 10. g4 h5 11. g5 Nfd7 12. 0-0-0 Na6 13. a3 Ndc5 14. b3 Bd7 15. Kb2 0-0 16. Nh4 Nb8 17. Be2 a4 18. b4 Nb3 19. Nb5 c5 20. dxc6 Nxc6 21. Nf3 Qb8 22. Qd3 Rd8 23. Nd2 Nbd4 24. Nf3 Nxf3 25. Bxf3 Be6 26. Rd2 d5 27. cxd5 Bxd5 28. Qc3 Nd4 29. Nxd4 Rc8 30. Qd3 Bc4 31. Nc6 Rxc6 32. Qd7 Rc8 33. Qd6 Qxd6 34. Rxd6 b5 35. Rd2 1/2-1/2

[Event "Cappelle op 40th"]
[Site "Cappelle la Grande"]
[Date "2024.03.06"]
[Round "7"]
[White "Idani, Pouya"]
[Black "Decuigniere, Tom"]
[Result "1-0"]
[WhiteElo "2609"]
[BlackElo "2402"]
[PlyCount "71"]
[EventDate "2024.03.02"]
[EventType "swiss"]
[EventRounds "9"]
[EventCountry "FRA"]
[SourceTitle "CB11_2024"]
[SourceDate "2024.03.13"]
[SourceVersion "1"]
[SourceVersionDate "2024.03.13"]
[SourceQuality "1"]

1. e4 c5 2. Nf3 d6 3. d4 cxd4 4. Nxd4 Nf6 5. Bd3 g6 6. c4 Bg7 7. h3 Nc6 8. Be3 Ng4 9. hxg4 Bxd4 10. Bxd4 Nxd4 11. Nc3 e5 12. f3 Be6 13. Qd2 Rc8 14. b3 a6 15. Rd1 Qa5 16. Ne2 Qxd2+ 17. Rxd2 Nxe2 18. Bxe2 Ke7 19. Kf2 h6 20. g3 Rcd8 21. f4 Bd7 22. Ke3 Bc6 23. Bf3 Rc8 24. f5 b5 25. Rdh2 bxc4 26. bxc4 Ba8 27. Be2 Rhg8 28. Rd1 h5 29. f6+ Kxf6 30. Rxd6+ Ke7 31. Rxa6 hxg4 32. Ra7+ Kf6 33. Rf2+ Kg5 34. Rfxf7 Rh8 35. Ra5 Rce8 36. Rf4 1-0

[Event "Mitropa Cup"]
[Site "Apolda"]
[Date "2024.02.20"]
[Round "6.20"]
[White "Svane, Frederik"]
[Black "Decuigniere, Tom"]
[Result "1-0"]
[WhiteElo "2618"]
[BlackElo "2405"]
[PlyCount "91"]
[EventDate "2024.02.15"]
[EventType "team-tourn"]
[EventRounds "9"]
[EventCountry "GER"]
[SourceTitle "CB09_2024"]
[SourceDate "2024.02.28"]
[SourceVersion "1"]
[SourceVersionDate "2024.02.28"]
[SourceQuality "1"]
[WhiteTeam "Germany"]
[BlackTeam "France"]
[WhiteTeamCountry "GER"]
[BlackTeamCountry "FRA"]

1. e4 c5 2. Nf3 d6 3. Bb5+ Bd7 4. c4 e5 5. Bxd7+ Qxd7 6. Nc3 Nc6 7. d3 Be7 8. 0-0 Bd8 9. h3 Nge7 10. Nh4 h6 11. Qg4 g5 12. Nf5 Nxf5 13. Qxf5 Nd4 14. Qxd7+ Kxd7 15. Rb1 h5 16. Nd5 g4 17. Kh2 Rg8 18. Be3 gxh3 19. Kxh3 Be7 20. b4 b6 21. Bxd4 cxd4 22. g3 Rg7 23. Rb3 f5 24. exf5 Rf7 25. Ra3 Bd8 26. g4 hxg4+ 27. Kxg4 Kc6 28. f4 Bh4 29. Kf3 exf4 30. Kxf4 Re8 31. Rh1 Be1 32. f6 Re5 33. b5+ Kc5 34. Rh8 Bd2+ 35. Kf3 Rxd5 36. Rc8+ Kb4 37. Rb3+ Ka4 38. cxd5 Rxf6+ 39. Ke2 Bc3 40. Rc4+ Ka5 41. Rc7 Ka4 42. Rxa7+ Ba5 43. Rc7 Bc3 44. Rc4+ Ka5 45. Ra3+ Kxb5 46. Ra8 1-0

[Event "Mitropa Cup"]
[Site "Apolda"]
[Date "2024.02.18"]
[Round "4.20"]
[White "Decuigniere, Tom"]
[Black "Novosel, Lovro"]
[Result "0-1"]
[WhiteElo "2405"]
[BlackElo "2373"]
[PlyCount "102"]
[EventDate "2024.02.15"]
[EventType "team-tourn"]
[EventRounds "9"]
[EventCountry "GER"]
[SourceTitle "CB09_2024"]
[SourceDate "2024.02.28"]
[SourceVersion "1"]
[SourceVersionDate "2024.02.28"]
[SourceQuality "1"]
[WhiteTeam "France"]
[BlackTeam "Croatia"]
[WhiteTeamCountry "FRA"]
[BlackTeamCountry "CRO"]

1. d4 Nf6 2. c4 e6 3. Nf3 d5 4. Nc3 c6 5. g3 Be7 6. Bg2 0-0 7. 0-0 a5 8. Re1 b6 9. Ne5 Nfd7 10. Nxd7 Nxd7 11. cxd5 cxd5 12. e4 Nf6 13. e5 Ne8 14. f4 Nc7 15. Qb3 Rb8 16. a4 Bd7 17. Bd2 b5 18. axb5 Nxb5 19. Nxb5 Rxb5 20. Qc2 Bb4 21. Bf1 Bxd2 22. Bxb5 Bxe1 23. Bxd7 Qxd7 24. Rxe1 Rc8 25. Qd2 Qa4 26. Qd3 Rc2 27. Rb1 h5 28. Kh1 Qc4 29. Qxc4 Rxc4 30. Rd1 Rc2 31. Ra1 Rxb2 32. Rxa5 Rb4 33. f5 Rxd4 34. Ra8+ Kh7 35. fxe6 fxe6 36. Re8 Kg6 37. Rxe6+ Kf5 38. Re7 g6 39. Kg2 Re4 40. Kf3 Rxe5 41. Rf7+ Ke6 42. Rg7 g5 43. Ra7 Kf5 44. h3 g4+ 45. hxg4+ hxg4+ 46. Kf2 Re4 47. Ra8 Ke5 48. Ra5 Kd4 49. Ra4+ Kd3 50. Ra3+ Kc2 51. Ra2+ Kb3 0-1

[Event "Titled Tuesday intern op 13th Feb Early"]
[Site "Chess.com INT"]
[Date "2024.02.13"]
[Round "5"]
[White "Blokhin, Sofia"]
[Black "Decuigniere, Tom"]
[Result "0-1"]
[WhiteElo "1964"]
[BlackElo "2405"]
[PlyCount "112"]
[EventDate "2024.02.13"]
[EventType "swiss (blitz)"]
[EventRounds "11"]
[EventCountry "USA"]
[SourceTitle "CB08_2024"]
[SourceDate "2024.02.21"]
[SourceVersion "1"]
[SourceVersionDate "2024.02.21"]
[SourceQuality "1"]

1. d4 d5 2. c4 e6 3. Nc3 a6 4. cxd5 exd5 5. e3 Nf6 6. Nf3 Bd6 7. Bd3 0-0 8. 0-0 Bg4 9. h3 Bh5 10. Re1 Nbd7 11. Qc2 Re8 12. e4 dxe4 13. Nxe4 Nxe4 14. Bxe4 Bg6 15. Bxg6 Rxe1+ 16. Nxe1 hxg6 17. Be3 Nb6 18. Nf3 Nd5 19. Qe4 Qd7 20. Ng5 Nf6 21. Qh4 Qa4 22. b3 Qb4 23. Rd1 Rd8 24. Bd2 Qb5 25. Bc3 Qd5 26. Re1 Qf5 27. Re5 Bxe5 28. dxe5 Nh5 29. g4 Rd1+ 30. Kh2 Qc2 31. gxh5 Qxc3 32. hxg6 Qxe5+ 33. Kg2 fxg6 34. Qc4+ Qd5+ 35. Qxd5+ Rxd5 36. Ne4 Rd4 37. Kf3 Rd3+ 38. Kf4 Rxh3 39. Kg5 Rh1 40. Kxg6 Ra1 41. Nc3 Rc1 42. Nd5 Rc2 43. Ne7+ Kf8 44. Nd5 Rxf2 45. Nxc7 Rxa2 46. Ne6+ Ke7 47. Nc5 Rb2 48. Nxb7 Rxb3 49. Na5 Rb5 50. Nc6+ Kd6 51. Nd4 Kc5 52. Ne6+ Kc4 53. Kxg7 a5 54. Kf6 a4 55. Nc7 a3 56. Nxb5 Kxb5 0-1

[Event "Titled Tuesday intern op 13th Feb Late"]
[Site "Chess.com INT"]
[Date "2024.02.13"]
[Round "8"]
[White "Decuigniere, Tom"]
[Black "Buenafe Moya, Javier"]
[Result "1-0"]
[WhiteElo "2405"]
[BlackElo "2136"]
[PlyCount "49"]
[EventDate "2024.02.13"]
[EventType "swiss (blitz)"]
[EventRounds "11"]
[EventCountry "USA"]
[SourceTitle "CB08_2024"]
[SourceDate "2024.02.21"]
[SourceVersion "1"]
[SourceVersionDate "2024.02.21"]
[SourceQuality "1"]

1. Nf3 d5 2. d4 Nf6 3. c4 e6 4. Nc3 Bb4 5. e3 0-0 6. Bd2 Re8 7. Bd3 b6 8. 0-0 Bb7 9. cxd5 exd5 10. Ne5 a6 11. f4 Bd6 12. Rf3 Ne4 13. Rh3 g6 14. Be1 Nd7 15. Nxe4 dxe4 16. Bc4 Nxe5 17. dxe5 Bc5 18. Qb3 Rf8 19. Rd1 Qe8 20. e6 f6 21. e7+ Rf7 22. Bxf7+ Qxf7 23. Rd8+ Kg7 24. Qxf7+ Kxf7 25. e8Q+ 1-0

[Event "Titled Tuesday intern op 13th Feb Late"]
[Site "Chess.com INT"]
[Date "2024.02.13"]
[Round "1"]
[White "Decuigniere, Tom"]
[Black "Le, Quang Liem"]
[Result "0-1"]
[WhiteElo "2405"]
[BlackElo "2731"]
[PlyCount "50"]
[EventDate "2024.02.13"]
[EventType "swiss (blitz)"]
[EventRounds "11"]
[EventCountry "USA"]
[SourceTitle "CB08_2024"]
[SourceDate "2024.02.21"]
[SourceVersion "1"]
[SourceVersionDate "2024.02.21"]
[SourceQuality "1"]

1. Nf3 Nf6 2. d4 g6 3. g3 Bg7 4. Bg2 d5 5. 0-0 0-0 6. c4 dxc4 7. Nc3 c6 8. Ne5 Ng4 9. Nxg4 Bxg4 10. h3 Be6 11. Be3 Na6 12. Ne4 Bd5 13. f3 Qb6 14. Qd2 Rad8 15. Nc3 Rd7 16. Rfd1 Rfd8 17. Bf2 Be6 18. e3 Nb4 19. Bf1 Nd3 20. Bxd3 cxd3 21. Qxd3 Qxb2 22. Ne4 Qb5 23. Nc5 Qxc5 24. dxc5 Rxd3 25. Rxd3 Rxd3 0-1

[Event "Titled Tuesday intern op 13th Feb Late"]
[Site "Chess.com INT"]
[Date "2024.02.13"]
[Round "5"]
[White "Tomiello, Lucas Costamilan"]
[Black "Decuigniere, Tom"]
[Result "1/2-1/2"]
[WhiteElo "2280"]
[BlackElo "2405"]
[PlyCount "76"]
[EventDate "2024.02.13"]
[EventType "swiss (blitz)"]
[EventRounds "11"]
[EventCountry "USA"]
[SourceTitle "CB08_2024"]
[SourceDate "2024.02.21"]
[SourceVersion "1"]
[SourceVersionDate "2024.02.21"]
[SourceQuality "1"]

1. e4 c5 2. Nf3 e6 3. Nc3 Nc6 4. Bb5 Nd4 5. Nxd4 cxd4 6. Ne2 Qg5 7. Bc4 Qxg2 8. Ng3 Qh3 9. d3 Nf6 10. Bd2 Be7 11. Qe2 a6 12. e5 Ng4 13. f3 Nh6 14. 0-0-0 b5 15. Bb3 a5 16. a4 Bb7 17. Rhg1 g6 18. Ne4 Nf5 19. Kb1 Bc6 20. axb5 Bxb5 21. Bg5 Bxg5 22. Rxg5 a4 23. Bc4 Bxc4 24. dxc4 0-0 25. Nf6+ Kh8 26. Nxd7 Rfd8 27. Nb6 Ra6 28. c5 Ra5 29. Qc4 Ne3 30. Qb4 Rxc5 31. Rxd4 Qf1+ 32. Ka2 Rxd4 33. Qxd4 Qb5 34. Qd8+ Kg7 35. Qf6+ Kg8 36. Qd8+ Kg7 37. Qf6+ Kg8 38. Qd8+ Kg7 1/2-1/2

[Event "Vandoeuvre op 20th"]
[Site "Vandoeuvre les Nancy"]
[Date "2024.01.04"]
[Round "4"]
[White "Vignesh, NR."]
[Black "Decuigniere, Tom"]
[Result "1/2-1/2"]
[WhiteElo "2517"]
[BlackElo "2401"]
[PlyCount "96"]
[EventDate "2024.01.03"]
[EventType "swiss"]
[EventRounds "9"]
[EventCountry "FRA"]
[SourceTitle "CB02_2024"]
[SourceDate "2024.01.10"]
[SourceVersion "1"]
[SourceVersionDate "2024.01.10"]
[SourceQuality "1"]

1. Nf3 Nf6 2. g3 e6 3. Bg2 d5 4. 0-0 Be7 5. c4 0-0 6. b3 d4 7. d3 c5 8. e3 Nc6 9. exd4 cxd4 10. Bg5 Nd7 11. Bxe7 Qxe7 12. a3 a5 13. Nbd2 Nc5 14. Ne1 e5 15. Ne4 Nxe4 16. Bxe4 f5 17. Bg2 Bd7 18. Nc2 f4 19. Re1 Qf6 20. Bd5+ Be6 21. Be4 Bf5 22. Bd5+ Be6 23. Bg2 f3 24. Bf1 h5 25. h4 Ne7 26. Qd2 Ng6 27. Re4 Bf5 28. Rae1 Bxe4 29. Rxe4 Ne7 30. Bh3 Nf5 31. Bxf5 Qxf5 32. Kh2 Qd7 33. Qe1 Rf5 34. b4 axb4 35. Qxb4 Ra6 36. Qc5 Qd6 37. Qc8+ Rf8 38. Qh3 Qb6 39. Rxe5 Qb2 40. Qd7 Qxc2 41. Qd5+ Kh7 42. Rxh5+ Rh6 43. Qe4+ Kh8 44. Rxh6+ gxh6 45. Qxd4+ Kg8 46. Qg4+ Kh8 47. Qd4+ Kg8 48. Qg4+ Kh8 1/2-1/2

[Event "Benidorm Bali op-A"]
[Site "Benidorm"]
[Date "2023.12.04"]
[Round "5"]
[White "Torres Sanchez, Jose"]
[Black "Decuigniere, Tom"]
[Result "1-0"]
[WhiteElo "2216"]
[BlackElo "2413"]
[PlyCount "95"]
[EventDate "2023.12.01"]
[EventType "swiss"]
[EventRounds "9"]
[EventCountry "ESP"]
[SourceTitle "CB50_2023"]
[SourceDate "2023.12.13"]
[SourceVersion "1"]
[SourceVersionDate "2023.12.13"]
[SourceQuality "1"]

1. d4 Nf6 2. g3 e6 3. Bg2 d5 4. Nf3 Bd6 5. c4 0-0 6. Nc3 h6 7. 0-0 Nc6 8. Qd3 dxc4 9. Qxc4 e5 10. d5 Ne7 11. a4 c6 12. e4 cxd5 13. exd5 Bf5 14. Re1 Ng6 15. a5 Rc8 16. Qb3 Nd7 17. Be3 Nc5 18. Bxc5 Rxc5 19. Nd2 Rxa5 20. Qxb7 Rxa1 21. Rxa1 Bc5 22. Nde4 Bd4 23. Nb5 Qb8 24. Qa6 Bxb2 25. Ra2 Bd4 26. h3 Bc8 27. Qa5 Bb6 28. Qa3 a6 29. Nbd6 f5 30. Nxc8 Rxc8 31. Qxa6 fxe4 32. Bxe4 Nf8 33. Rb2 Nd7 34. Bf5 Qc7 35. Be6+ Kh8 36. Bxd7 Qxd7 37. Rxb6 Qxh3 38. Rc6 Rb8 39. Rc1 e4 40. Qa7 Rd8 41. Qd4 Re8 42. Rc7 Qg4 43. d6 Rb8 44. Rc1 Qd7 45. Kh2 Rf8 46. Rc7 Qg4 47. Re7 e3 48. Qxg4 1-0

[Event "Andorra op 39th"]
[Site "Escaldes"]
[Date "2023.07.29"]
[Round "8"]
[White "Decuigniere, Tom"]
[Black "Cuartas, Jaime Alexander"]
[Result "1/2-1/2"]
[WhiteElo "2393"]
[BlackElo "2526"]
[PlyCount "71"]
[EventDate "2023.07.22"]
[EventType "swiss"]
[EventRounds "9"]
[EventCountry "AND"]
[SourceTitle "CBM 215 Extra"]
[Source "ChessBase"]
[SourceDate "2023.09.30"]
[SourceVersion "1"]
[SourceVersionDate "2023.09.30"]
[SourceQuality "1"]

1. d4 Nf6 2. c4 e6 3. Nc3 Bb4 4. g3 d5 5. Bg2 0-0 6. Nf3 dxc4 7. a3 Be7 8. Ne5 c5 9. dxc5 Qxd1+ 10. Nxd1 Bxc5 11. 0-0 Nc6 12. Nxc4 Nd4 13. Be3 Nd5 14. Bxd4 Bxd4 15. e3 Bf6 16. Rc1 Bd7 17. e4 Nb6 18. e5 Bg5 19. Nxb6 axb6 20. f4 Be7 21. Bxb7 Ra7 22. Bf3 b5 23. Nc3 b4 24. axb4 Bxb4 25. Kg2 Rb8 26. Rc2 Kf8 27. Rfc1 Bc5 28. Nb5 Rxb5 29. Rxc5 Rxb2+ 30. R1c2 Raa2 31. Be4 Rxc2+ 32. Rxc2 Rxc2+ 33. Bxc2 h6 34. Kf3 Bc6+ 35. Be4 Ba4 36. h4 1/2-1/2

[Event "Andorra op 39th"]
[Site "Escaldes"]
[Date "2023.07.27"]
[Round "6"]
[White "Miranda Mesa, Elier"]
[Black "Decuigniere, Tom"]
[Result "0-1"]
[WhiteElo "2503"]
[BlackElo "2393"]
[PlyCount "66"]
[EventDate "2023.07.22"]
[EventType "swiss"]
[EventRounds "9"]
[EventCountry "AND"]
[SourceTitle "CBM 215 Extra"]
[Source "ChessBase"]
[SourceDate "2023.09.30"]
[SourceVersion "1"]
[SourceVersionDate "2023.09.30"]
[SourceQuality "1"]

1. e4 c6 2. d4 d5 3. e5 Bf5 4. Nf3 e6 5. Be2 c5 6. c3 Nc6 7. 0-0 cxd4 8. cxd4 Nge7 9. a3 Nc8 10. Be3 Be7 11. Nbd2 0-0 12. b4 Nb6 13. Ne1 f6 14. f4 fxe5 15. fxe5 Rc8 16. Nd3 Bg5 17. Bf2 Nc4 18. Nxc4 dxc4 19. Nc5 c3 20. Bd3 Qd5 21. Bxf5 Rxf5 22. Qd3 b6 23. Ne4 Nxe5 24. Qa6 Rcf8 25. Nxc3 Qc6 26. Nd1 Ng4 27. Qe2 Nxf2 28. Nxf2 Bf6 29. Rad1 Qd5 30. Qe3 Rd8 31. Kh1 Bxd4 32. Qe2 Rdf8 33. Nd3 Qe4 0-1

[Event "Pays de Bray 1st"]
[Site "Gournay en Bray"]
[Date "2023.05.17"]
[Round "5"]
[White "Dubessay, Bastien"]
[Black "Decuigniere, Tom"]
[Result "1/2-1/2"]
[WhiteElo "2283"]
[BlackElo "2396"]
[PlyCount "120"]
[EventDate "2023.05.14"]
[EventType "tourn"]
[EventRounds "9"]
[EventCountry "FRA"]
[EventCategory "4"]
[SourceTitle "CBM 214 Extra"]
[Source "ChessBase"]
[SourceDate "2023.07.31"]
[SourceVersion "1"]
[SourceVersionDate "2023.07.31"]
[SourceQuality "1"]

1. d4 Nf6 2. c4 e6 3. Nc3 Bb4 4. f3 d5 5. a3 Bxc3+ 6. bxc3 c5 7. cxd5 Nxd5 8. dxc5 Qa5 9. e4 Nf6 10. Be3 0-0 11. Kf2 Nfd7 12. Qb3 Qc7 13. Bb5 Nxc5 14. Qc4 b6 15. Ne2 e5 16. Qd5 Bb7 17. Qa2 a6 18. Bc4 b5 19. Bd5 Nbd7 20. Rhd1 Nb6 21. Bxb7 Nxb7 22. Kg1 Nc4 23. Bf2 Rfd8 24. a4 Rxd1+ 25. Rxd1 Rd8 26. Rxd8+ Qxd8 27. Qc2 Na3 28. Qb3 Na5 29. Qd5 Qxd5 30. exd5 bxa4 31. d6 Nb7 32. d7 Nc4 33. Bc5 Nca5 34. c4 f6 35. Nc3 Kf7 36. Bb6 Nc6 37. Nxa4 Ke7 38. Kf2 Kxd7 39. Ke3 Ke6 40. Kd3 f5 41. Ke3 h5 42. h3 g5 43. Kd3 Ne7 44. Be3 f4 45. Bf2 Kf5 46. Nc3 Nc6 47. c5 Nba5 48. Ne4 Nb4+ 49. Kc3 Nd5+ 50. Kd3 Nc6 51. Nd6+ Ke6 52. Ne4 Kf5 53. Nd6+ Kf6 54. Ne4+ Kg6 55. Kc4 Nde7 56. Kd3 Kf5 57. Nd6+ Ke6 58. Ne4 Kf5 59. Nd6+ Ke6 60. Ne4 Kf5 1/2-1/2

[Event "Pays de Bray 1st"]
[Site "Gournay en Bray"]
[Date "2023.05.15"]
[Round "2"]
[White "Decuigniere, Tom"]
[Black "Defromont, Benjamin"]
[Result "0-1"]
[WhiteElo "2396"]
[BlackElo "2347"]
[PlyCount "120"]
[EventDate "2023.05.14"]
[EventType "tourn"]
[EventRounds "9"]
[EventCountry "FRA"]
[EventCategory "4"]
[SourceTitle "CBM 214 Extra"]
[Source "ChessBase"]
[SourceDate "2023.07.31"]
[SourceVersion "1"]
[SourceVersionDate "2023.07.31"]
[SourceQuality "1"]

1. Nf3 c5 2. c4 Nc6 3. b3 e5 4. Bb2 d6 5. e3 g5 6. h3 Bg7 7. Nc3 h6 8. Nd5 Nge7 9. Nxe7 Qxe7 10. d3 0-0 11. g4 f5 12. Nd2 e4 13. Bxg7 Qxg7 14. gxf5 exd3 15. Bxd3 Ne5 16. Be2 Bxf5 17. Rc1 Rae8 18. Rh2 Nd3+ 19. Bxd3 Bxd3 20. Nf1 Be4 21. Ng3 Qe5 22. h4 Rxf2 23. Rxf2 Qxg3 24. Ke2 g4 25. Qe1 Bf3+ 26. Kd2 Qe5 27. Rc3 d5 28. cxd5 Qxd5+ 29. Rd3 Qe5 30. Qc1 b5 31. Qc3 Qg3 32. Ke1 Qg1+ 33. Rf1 Qh2 34. Qd2 Qxh4+ 35. Qf2 Qf6 36. Qg3 c4 37. Rxf3 Qxf3 38. Qxf3 gxf3 39. bxc4 bxc4 40. Rc3 Rc8 41. Kf2 Kf7 42. Kxf3 Ke6 43. Ke4 h5 44. Kd4 h4 45. e4 Rd8+ 46. Kc5 Ke5 47. Kc6 Kd4 48. Rc1 Re8 49. Rd1+ Ke3 50. Re1+ Kd2 51. Rh1 c3 52. Rh2+ Kd3 53. Rh3+ Kd4 54. e5 Rxe5 55. Rxh4+ Kd3 56. Kd6 Re3 57. Kc5 c2 58. Rd4+ Ke2 59. Rc4 Kd2 60. Kd4 Rd3+ 0-1

[Event "FRA-ch U20"]
[Site "Agen"]
[Date "2023.04.29"]
[Round "8"]
[White "Boyer, Mahel"]
[Black "Decuigniere, Tom"]
[Result "1-0"]
[WhiteElo "2463"]
[BlackElo "2382"]
[PlyCount "99"]
[EventDate "2023.04.23"]
[EventType "swiss"]
[EventRounds "9"]
[EventCountry "FRA"]
[SourceTitle "CBM 213 Extra"]
[Source "ChessBase"]
[SourceDate "2023.05.31"]
[SourceVersion "1"]
[SourceVersionDate "2023.05.31"]
[SourceQuality "1"]

1. d4 Nf6 2. Nf3 d5 3. Bf4 e6 4. Nbd2 Bd6 5. Bg5 Nbd7 6. e4 dxe4 7. Nxe4 Be7 8. Nxf6+ Nxf6 9. Bd3 c5 10. Qe2 cxd4 11. 0-0-0 Nd5 12. Bb5+ Bd7 13. Bxe7 Kxe7 14. Rxd4 Bxb5 15. Qxb5 Qc7 16. Rxd5 exd5 17. Qb4+ Kd7 18. Rd1 a5 19. Rxd5+ Kc8 20. Qg4+ Kb8 21. Rd7 h5 22. Qf5 Qc6 23. Qe5+ Ka7 24. Qxa5+ Qa6 25. Qc5+ Qb6 26. Qg5 Rac8 27. Nd4 f6 28. Qe3 Rhe8 29. Nb5+ Ka6 30. Nc7+ Rxc7 31. Qxe8 Rxd7 32. Qxd7 Qxf2 33. Qa4+ Kb6 34. Qb3+ Ka7 35. Qa3+ Kb6 36. Qg3 Qf1+ 37. Kd2 g5 38. Qf3 Qxf3 39. gxf3 Kc5 40. Kd3 f5 41. c3 h4 42. b3 Kd5 43. Ke3 Kc5 44. a4 b6 45. h3 Kd5 46. b4 Kc4 47. Kf2 Kd5 48. Kg2 Kc4 49. a5 bxa5 50. bxa5 1-0

[Event "FRA-ch U20"]
[Site "Agen"]
[Date "2023.04.24"]
[Round "2"]
[White "Garrido, Mihai"]
[Black "Decuigniere, Tom"]
[Result "1/2-1/2"]
[WhiteElo "2115"]
[BlackElo "2382"]
[PlyCount "96"]
[EventDate "2023.04.23"]
[EventType "swiss"]
[EventRounds "9"]
[EventCountry "FRA"]
[SourceTitle "CBM 213 Extra"]
[Source "ChessBase"]
[SourceDate "2023.05.31"]
[SourceVersion "1"]
[SourceVersionDate "2023.05.31"]
[SourceQuality "1"]

1. d4 Nf6 2. c4 e6 3. Nf3 Bb4+ 4. Nbd2 b6 5. a3 Bxd2+ 6. Qxd2 Bb7 7. e3 d6 8. Be2 Nbd7 9. 0-0 Qe7 10. b4 0-0 11. Bb2 c5 12. Rfd1 Ne4 13. Qc2 f5 14. dxc5 bxc5 15. Ne1 f4 16. f3 Nef6 17. exf4 Nh5 18. Nd3 Rac8 19. Qd2 Nb6 20. Rac1 cxb4 21. Qxb4 Rcd8 22. a4 Qf7 23. a5 Nc8 24. c5 dxc5 25. Rxc5 Ba6 26. Qc3 Bxd3 27. Bxd3 Nxf4 28. Rg5 Ng6 29. Re1 Nce7 30. Bxg6 Nxg6 31. Qe3 e5 32. Qe4 Rfe8 33. h4 Qb3 34. h5 Qxb2 35. hxg6 hxg6 36. Qc4+ Kh7 37. Qh4+ Kg8 38. Qc4+ Kh7 39. Rg4 g5 40. Qe4+ Kg8 41. Qc4+ Kh7 42. Rxg5 Qd4+ 43. Qxd4 exd4 44. Rxe8 Rxe8 45. Rd5 Re1+ 46. Kf2 Ra1 47. g4 Ra2+ 48. Kg3 d3 1/2-1/2

[Event "Titled Tuesday intern op 21st Mar Early"]
[Site "Chess.com INT"]
[Date "2023.03.21"]
[Round "1"]
[White "Decuigniere, Tom"]
[Black "Kornyukov, Alexey"]
[Result "1-0"]
[WhiteElo "2365"]
[BlackElo "2452"]
[PlyCount "61"]
[EventDate "2023.03.21"]
[EventType "swiss (blitz)"]
[EventRounds "11"]
[EventCountry "USA"]
[SourceTitle "EXT 2024"]
[Source "ChessBase"]
[SourceDate "2023.10.10"]
[SourceVersion "1"]
[SourceVersionDate "2023.10.10"]
[SourceQuality "1"]

1. c4 e5 2. g3 Nc6 3. Bg2 Bc5 4. Nc3 Nf6 5. e3 0-0 6. Nge2 d6 7. 0-0 Be6 8. d4 exd4 9. exd4 Bb4 10. d5 Ne5 11. dxe6 fxe6 12. b3 Nfg4 13. Bb2 Bc5 14. Ne4 Bxf2+ 15. Nxf2 Ne3 16. Qd2 Nxf1 17. Rxf1 Qe7 18. Nf4 Rf5 19. Bxb7 c6 20. Bxe5 Qxb7 21. Qxd6 Raf8 22. Ng4 Qb6+ 23. c5 Qb4 24. Qxe6+ Kh8 25. Nh6 Qxc5+ 26. Kg2 Qxe5 27. Qxe5 Rxe5 28. Ng6+ hxg6 29. Rxf8+ Kh7 30. Ng4 Re2+ 31. Rf2 1-0